La reincorporación de la Mosquitia estudio de interpretación histórica (Registro nro. 62041)

Detalles MARC
000 -ENCABEZADO
Número de control [NR] 00738nam a2200193Ia 4500
008 - DE LONGITUD FIJA DE DATOS DE ELEMENTOS - INFORMACIÓN GENERAL
Elementos de longitud fija [NR] 130821s1940 sp gr spa
040 ## - FUENTE DE CATALOGACION [NR]
Agencia de catalogación original [NR] Co-BoUCM
Idioma de catalogación [NR] spa
041 00 - CODIGO DE IDIOMA [R]
Código de idioma para texto/pista de sonido o título separado [R] Español
100 2# - ASIENTO PRINCIPAL--NOMBRE PERSONAL [NR]
Nombre personal [NR] Cuadra Chamorro, Pedro Joaquín
Fechas asociadas con el nombre [NR] 1887-
245 13 - MENCION DE TITULO [NR]
Título [NR] La reincorporación de la Mosquitia estudio de interpretación histórica
Mención de responsabilidad, etc. [NR] Pedro Joaquín Cuadra Chamorro
260 ## - PUBLICACION, DISTRIBUCION, ETC. (PIE DE IMPRENTA) [R]
Lugar de publicación, distribución, etc. [R] Granada (Andalucía, España)
Nombre del editor, distribuidor, etc. [R] El Centro Americano
Fecha de publicación, distribución, etc. [R] 1940
300 ## - DESCRIPCION FISICA [R]
Extensión [R] 205 páginas
651 #7 - ASIENTO SECUNDARIO DE MATERIA - NOMBRE GEOGRAFICO [R]
Nombre geográfico [NR] Costa de los Mosquitos (Nicaragua y Honduras)
Subdivisión general [R] Historia
651 #7 - ASIENTO SECUNDARIO DE MATERIA - NOMBRE GEOGRAFICO [R]
Nombre geográfico [NR] Honduras
Subdivisión general [R] Historia
9 (RLIN) 27007
651 #7 - ASIENTO SECUNDARIO DE MATERIA - NOMBRE GEOGRAFICO [R]
Nombre geográfico [NR] Nicaragua
Subdivisión general [R] Historia
9 (RLIN) 27151
651 #7 - ASIENTO SECUNDARIO DE MATERIA - NOMBRE GEOGRAFICO [R]
Nombre geográfico [NR] Zelaya (Nicaragua)
Subdivisión general [R] Historia
942 ## - ELEMENTOS DE ENTRADA AGREGADOS (KOHA)
Tipo de ítem principal el descrito en 300a Libro
Tema principal Historia
Edición 1
Parte restante de la signatura top. C812
Sistema de clasificación DEWEY
Clasificación 972.85
Existencias
Total préstamos Signatura topográfica Código de barras Última vez visto Ejemplar Price effective from Tipo de ítem Perdido Sistema de clasificación Dañado No prestable Tipo de ítem específico Suprimido Ubicación habitual Ubicación actual Localización Fecha de creación Forma de adquisición Costo
  972.85 C812 3000645 15/12/2012 Ej.1 03/02/2013 Libro   DEWEY     Libro     Bib. Cavelier Acavalier 28/02/2013   0.00